[Event "Caribbean-ch (Women)"]
[Site "Carolina"]
[Date "2023.10.29"]
[Round "6"]
[White "Kaslan, Catherine"]
[Black "Vazquez Maccarini, Danitza"]
[Result "1/2-1/2"]
[WhiteElo "1895"]
[BlackElo "2074"]
[PlyCount "69"]
[EventDate "2023.10.25"]
[EventType "swiss"]
[EventRounds "9"]
[EventCountry "PUR"]
[SourceTitle "CB48_2023"]
[SourceDate "2023.11.29"]
[SourceVersion "1"]
[SourceVersionDate "2023.11.29"]
[SourceQuality "1"]

1. e4 e5 2. Nf3 Nc6 3. d4 d6 4. dxe5 Nxe5 5. Nxe5 dxe5 6. Qxd8+ Kxd8 7. Bc4 Be6 8. Bxe6 fxe6 9. Bg5+ Nf6 10. Nd2 Bd6 11. Nc4 h6 12. Bxf6+ gxf6 13. 0-0-0 Ke7 14. Rd3 Rhg8 15. Rhd1 Rad8 16. g3 b6 17. a3 Bc5 18. Rxd8 Rxd8 19. Rxd8 Kxd8 20. f3 Bg1 21. h3 Bf2 22. g4 Ke7 23. Kd2 Kf7 24. Ke2 Bg3 25. Ne3 Bf4 26. b3 Ke7 27. h4 Bg3 28. h5 Bf4 29. Kd3 Bxe3 30. Kxe3 a6 31. c3 c5 32. c4 a5 33. a4 Ke8 34. Kd3 Kf7 35. Ke3 1/2-1/2

[Event "Caribean-chT Blitz 24th"]
[Site "San Salvador"]
[Date "2023.07.06"]
[Round "5.1"]
[White "Vazquez Maccarini, Danitza"]
[Black "Kaslan, Catherine"]
[Result "1-0"]
[WhiteElo "2014"]
[BlackElo "1734"]
[PlyCount "94"]
[EventDate "2023.07.06"]
[EventType "tourn (blitz)"]
[EventRounds "15"]
[EventCountry "ESA"]
[SourceTitle "CBM 215 Extra"]
[Source "ChessBase"]
[SourceDate "2023.09.30"]
[SourceVersion "1"]
[SourceVersionDate "2023.09.30"]
[SourceQuality "1"]
[WhiteTeam "Puerto Rico"]
[BlackTeam "Surinam"]
[WhiteTeamCountry "PUR"]
[BlackTeamCountry "SUR"]

1. e4 c5 2. Nf3 d6 3. d4 cxd4 4. Qxd4 Nc6 5. Bb5 Bd7 6. Qd3 Nf6 7. c4 e6 8. 0-0 Be7 9. Nc3 0-0 10. h3 Rc8 11. Bxc6 Bxc6 12. b3 a6 13. Bf4 Qc7 14. Rfd1 Rfd8 15. Rac1 Qa5 16. Nd4 h6 17. Nxc6 bxc6 18. Qd2 Rd7 19. Nd5 Qxd2 20. Nxf6+ Bxf6 21. Rxd2 e5 22. Be3 Kf8 23. Rcd1 Be7 24. Bb6 Rb8 25. c5 Ke8 26. a4 Rbb7 27. cxd6 Rxb6 28. dxe7 Rxd2 29. Rxd2 Kxe7 30. Rd3 Rb4 31. f3 Rd4 32. Rc3 Kd6 33. Kf2 c5 34. Ke2 f6 35. h4 h5 36. Rc1 g6 37. Rc3 Kc6 38. Rd3 Kd6 39. Ke3 a5 40. g4 Kc6 41. gxh5 gxh5 42. Rc3 Kd6 43. f4 Ke6 44. f5+ Kd6 45. Rc1 Rb4 46. Rd1+ Kc6 47. Rd3 Rd4 1-0

[Event "Caribean-chT Rapid 24th"]
[Site "San Salvador"]
[Date "2023.07.05"]
[Round "14.1"]
[White "Fuentes Godoy, Lilia Ivonne"]
[Black "Vazquez Maccarini, Danitza"]
[Result "0-1"]
[WhiteElo "2057"]
[BlackElo "2040"]
[PlyCount "116"]
[EventDate "2023.07.03"]
[EventType "tourn (rapid)"]
[EventRounds "15"]
[EventCountry "ESA"]
[SourceTitle "CBM 215 Extra"]
[Source "ChessBase"]
[SourceDate "2023.09.30"]
[SourceVersion "1"]
[SourceVersionDate "2023.09.30"]
[SourceQuality "1"]
[WhiteTeam "Mexico"]
[BlackTeam "Puerto Rico"]
[WhiteTeamCountry "MEX"]
[BlackTeamCountry "PUR"]

1. d4 Nf6 2. c4 e6 3. Nf3 b6 4. g3 Bb7 5. Bg2 Be7 6. Nc3 d5 7. cxd5 Nxd5 8. Qa4+ Qd7 9. Qxd7+ Nxd7 10. 0-0 Nxc3 11. bxc3 0-0 12. Bf4 c5 13. Rac1 Rac8 14. Rfd1 Nf6 15. Ne5 Bxg2 16. Kxg2 Rfd8 17. Rd3 Nd5 18. dxc5 Bxc5 19. Rcd1 Be7 20. Bd2 Bf6 21. c4 Bxe5 22. cxd5 exd5 23. Bf4 Bxf4 24. gxf4 g6 25. Rxd5 Rxd5 26. Rxd5 Rc2 27. a3 Rxe2 28. Rd7 a5 29. Rb7 Rb2 30. Kf3 Rb3+ 31. Ke4 Rxa3 32. Rxb6 Kg7 33. Ra6 Ra4+ 34. Ke5 Ra2 35. h4 h5 36. f5 Re2+ 37. Kd4 Rxf2 38. fxg6 fxg6 39. Rxa5 Rf4+ 40. Ke3 Rxh4 41. Kf3 Rc4 42. Ra6 Kh6 43. Kg3 Rc5 44. Kh4 Rc4+ 45. Kh3 h4 46. Rb6 Kh5 47. Rb8 Rc3+ 48. Kg2 g5 49. Kh2 Rd3 50. Rb4 h3 51. Rc4 g4 52. Rc8 Rd2+ 53. Kg3 Rg2+ 54. Kf4 h2 55. Rc5+ Kh4 56. Rc8 Rf2+ 57. Ke3 Rf3+ 58. Ke2 Rh3 0-1

[Event "Caribean-chT Rapid 24th"]
[Site "San Salvador"]
[Date "2023.07.03"]
[Round "3.1"]
[White "Alvarez Gutierrez, Patricia"]
[Black "Vazquez Maccarini, Danitza"]
[Result "0-1"]
[WhiteElo "1619"]
[BlackElo "2040"]
[PlyCount "60"]
[EventDate "2023.07.03"]
[EventType "tourn (rapid)"]
[EventRounds "15"]
[EventCountry "ESA"]
[SourceTitle "CBM 215 Extra"]
[Source "ChessBase"]
[SourceDate "2023.09.30"]
[SourceVersion "1"]
[SourceVersionDate "2023.09.30"]
[SourceQuality "1"]
[WhiteTeam "Nicaragua"]
[BlackTeam "Puerto Rico"]
[WhiteTeamCountry "NCA"]
[BlackTeamCountry "PUR"]

1. d4 Nf6 2. c4 e6 3. Nf3 c5 4. Nc3 cxd4 5. Nxd4 Be7 6. e4 d6 7. Be2 a6 8. Be3 Nbd7 9. Qd2 Qc7 10. Rc1 b6 11. Nc2 Bb7 12. f3 0-0 13. 0-0 Rfd8 14. Rfd1 Ne5 15. b3 d5 16. cxd5 exd5 17. Nd4 Bb4 18. Qb2 Qe7 19. Nf5 Qe6 20. Nd4 Qe8 21. Bg5 Ned7 22. Nxd5 Bxd5 23. exd5 h6 24. Bd2 Bc5 25. Kh1 Bxd4 26. Qxd4 Qxe2 27. Re1 Qb5 28. d6 Qd5 29. Qf4 Nc5 30. Re7 Nd3 0-1

[Event "Online Olym Div3 E"]
[Site "Chess.com INT"]
[Date "2021.08.29"]
[Round "9.1"]
[White "Mentile, Lishen"]
[Black "Vazquez Maccarini, Danitza"]
[Result "0-1"]
[WhiteElo "1522"]
[BlackElo "2076"]
[PlyCount "130"]
[EventDate "2021.08.27"]
[EventType "team-tourn (rapid)"]
[EventRounds "9"]
[EventCountry "USA"]
[SourceTitle "CBM 204 Extra"]
[Source "ChessBase"]
[SourceDate "2021.11.30"]
[SourceVersion "1"]
[SourceVersionDate "2021.11.30"]
[SourceQuality "1"]
[WhiteTeam "Namibia"]
[BlackTeam "Puerto Rico"]
[WhiteTeamCountry "NAM"]
[BlackTeamCountry "PUR"]

1. e4 e5 2. Nf3 Nc6 3. Bc4 Bc5 4. 0-0 Nf6 5. Nc3 0-0 6. d3 h6 7. Be3 d6 8. h3 a6 9. a3 Ba7 10. Re1 Ne7 11. Ne2 Ng6 12. Ng3 c6 13. d4 d5 14. dxe5 Nxe4 15. Nxe4 dxe4 16. Bxa7 Qxd1 17. Raxd1 exf3 18. Bc5 Re8 19. Bd4 fxg2 20. Kxg2 Nf4+ 21. Kg3 Ng6 22. b4 Be6 23. Bxe6 Rxe6 24. f4 Ne7 25. Bc5 Rg6+ 26. Kf3 Nf5 27. Rd7 b5 28. Ke4 Ng3+ 29. Kf3 Re8 30. h4 Nf5 31. h5 Rge6 32. Kg4 Ne7 33. Bxe7 R8xe7 34. Red1 Rxd7 35. Rxd7 Kf8 36. Kf5 Ke8 37. Ra7 g6+ 38. hxg6 Rxg6 39. Rxa6 h5 40. Ra8+ Ke7 41. Rh8 Rg2 42. Rxh5 Rxc2 43. Rh3 Re2 44. Rc3 Ra2 45. Rxc6 Rxa3 46. Rb6 Rh3 47. Rxb5 Rh5+ 48. Ke4 Ke6 49. Rb6+ Kd7 50. b5 Rh7 51. Rb7+ Kc8 52. Ra7 Kb8 53. Re7 f5+ 54. Kxf5 Rxe7 55. Kf6 Re8 56. f5 Kc7 57. e6 Kd6 58. b6 Rf8+ 59. Kg5 Rb8 60. Kf6 Rxb6 61. e7 Kd7+ 62. Kf7 Rb8 63. f6 Re8 64. Kg7 Ke6 65. Kh7 Kxf6 0-1

[Event "Online Olym Div3 E"]
[Site "Chess.com INT"]
[Date "2021.08.28"]
[Round "5.1"]
[White "Ayiku, Angela Naa Amerley"]
[Black "Vazquez Maccarini, Danitza"]
[Result "0-1"]
[WhiteElo "1393"]
[BlackElo "2076"]
[PlyCount "104"]
[EventDate "2021.08.27"]
[EventType "team-tourn (rapid)"]
[EventRounds "9"]
[EventCountry "USA"]
[SourceTitle "CBM 204 Extra"]
[Source "ChessBase"]
[SourceDate "2021.11.30"]
[SourceVersion "1"]
[SourceVersionDate "2021.11.30"]
[SourceQuality "1"]
[WhiteTeam "Ghana"]
[BlackTeam "Puerto Rico"]
[WhiteTeamCountry "GHA"]
[BlackTeamCountry "PUR"]

1. e4 e5 2. Nf3 Nc6 3. Bb5 a6 4. Bc4 b5 5. Bb3 Bc5 6. a3 Nf6 7. h3 Nxe4 8. Qe2 d5 9. 0-0 Qd6 10. d3 Nf6 11. Bg5 Be6 12. Re1 Nd7 13. Nc3 f6 14. Bd2 0-0 15. d4 Nxd4 16. Nxd4 Bxd4 17. Qf3 Nb6 18. Qd1 c5 19. Ne2 Bxb2 20. Rb1 Bxa3 21. Bc3 c4 22. Ba2 Bc5 23. Ba5 d4 24. Ra1 Bd5 25. Ng3 Qd7 26. Qd2 Bb7 27. Bxb6 Bxb6 28. Qb4 a5 29. Qa3 Qc6 30. Qf3 Qxf3 31. gxf3 Bxf3 32. Rab1 Bc6 33. Nf5 Kh8 34. Ne7 Bd7 35. Nd5 Bc5 36. Nc7 Rac8 37. Nxb5 Bb4 38. Na7 Rc7 39. Ra1 Bxe1 40. Rxe1 Rxa7 41. Bxc4 Rc8 42. Bd3 a4 43. Ra1 a3 44. Kf1 f5 45. Ke1 e4 46. Be2 Rxc2 47. Kd1 d3 48. Bf1 Rxf2 49. Ke1 Rb2 50. Kd1 a2 51. Kc1 Rf2 52. Bxd3 exd3 0-1

[Event "Online Olym Div3 D"]
[Site "Chess.com INT"]
[Date "2020.08.09"]
[Round "9.3"]
[White "Vazquez Maccarini, Danitza"]
[Black "Morales Flores, Monserrat"]
[Result "0-1"]
[WhiteElo "2090"]
[BlackElo "1974"]
[PlyCount "96"]
[EventDate "2020.08.07"]
[EventType "team-tourn (rapid)"]
[EventRounds "9"]
[EventCountry "USA"]
[SourceTitle "CBM 198"]
[Source "ChessBase"]
[SourceDate "2020.10.31"]
[SourceVersion "1"]
[SourceVersionDate "2020.10.31"]
[SourceQuality "1"]
[WhiteTeam "Puerto Rico"]
[BlackTeam "Chile"]
[WhiteTeamCountry "PUR"]
[BlackTeamCountry "CHI"]

1. e4 c5 2. Nf3 e6 3. c3 Nf6 4. Bd3 d5 5. exd5 Nxd5 6. Bc2 Nc6 7. d4 cxd4 8. Nxd4 Bc5 9. Nxc6 bxc6 10. 0-0 Ba6 11. Re1 Qf6 12. Be3 Nxe3 13. fxe3 Rd8 14. Qf3 Qxf3 15. gxf3 Ke7 16. Be4 Rd6 17. b4 Bb6 18. a4 f5 19. Bc2 f4 20. Kf2 Bd3 21. Bb3 fxe3+ 22. Kg3 e5 23. h3 Rg6+ 24. Kh2 Rf8 25. Bd1 e4 26. a5 Bc7+ 27. Kh1 e2 28. Bxe2 Bxe2 29. Rxe2 Rxf3 30. Rxe4+ Kf7 31. Rg4 Rxh3+ 32. Kg2 Rxg4+ 33. Kxh3 Rg3+ 34. Kh4 g5+ 35. Kh5 Rg1 36. c4 Kf6 37. b5 Kf5 38. Kh6 Rh1+ 39. Kg7 cxb5 40. Ra2 Rxb1 41. c5 Rc1 42. Rf2+ Bf4 43. Kxh7 Rxc5 44. Re2 g4 45. a6 g3 46. Re7 Rc7 47. Rxc7 Bxc7 48. Kh8 g2 0-1

[Event "Online Olym Div3 D"]
[Site "Chess.com INT"]
[Date "2020.08.08"]
[Round "4.1"]
[White "Miladi, Amen"]
[Black "Vazquez Maccarini, Danitza"]
[Result "0-1"]
[WhiteElo "1784"]
[BlackElo "2090"]
[PlyCount "86"]
[EventDate "2020.08.07"]
[EventType "team-tourn (rapid)"]
[EventRounds "9"]
[EventCountry "USA"]
[SourceTitle "CBM 198"]
[Source "ChessBase"]
[SourceDate "2020.10.31"]
[SourceVersion "1"]
[SourceVersionDate "2020.10.31"]
[SourceQuality "1"]
[WhiteTeam "Tunisia"]
[BlackTeam "Puerto Rico"]
[WhiteTeamCountry "TUN"]
[BlackTeamCountry "PUR"]

1. e4 e5 2. Nc3 Nc6 3. g3 Bc5 4. Bg2 Nf6 5. Nge2 a6 6. d3 d6 7. 0-0 h6 8. a3 Be6 9. h3 Qd7 10. Kh2 Nd4 11. f4 Qe7 12. f5 Bd7 13. Nxd4 Bxd4 14. Ne2 Bb6 15. c3 Bc6 16. g4 Rd8 17. Ng3 d5 18. Qe2 dxe4 19. Nxe4 Nxe4 20. Bxe4 Bxe4 21. dxe4 f6 22. Be3 Bxe3 23. Qxe3 0-0 24. Rad1 Qf7 25. Rd2 Qb3 26. Qe2 Rxd2 27. Qxd2 Qc4 28. Qd5+ Qxd5 29. exd5 Rd8 30. c4 Kf8 31. Kg2 Ke7 32. Kf3 a5 33. b3 Kd6 34. Ke4 Kc5 35. h4 Rd7 36. Rg1 a4 37. bxa4 Kxc4 38. Rc1+ Kb3 39. g5 hxg5 40. hxg5 Kxa4 41. Rb1 b6 42. Ra1 Kb3 43. a4 Kb4 0-1

[Event "Online Olym Div3 D"]
[Site "Chess.com INT"]
[Date "2020.08.07"]
[Round "2.2"]
[White "Vazquez Maccarini, Danitza"]
[Black "Cordero, Daniela"]
[Result "0-1"]
[WhiteElo "2090"]
[BlackElo "2010"]
[PlyCount "148"]
[EventDate "2020.08.07"]
[EventType "team-tourn (rapid)"]
[EventRounds "9"]
[EventCountry "USA"]
[SourceTitle "CBM 198"]
[Source "ChessBase"]
[SourceDate "2020.10.31"]
[SourceVersion "1"]
[SourceVersionDate "2020.10.31"]
[SourceQuality "1"]
[WhiteTeam "Puerto Rico"]
[BlackTeam "Bolivia"]
[WhiteTeamCountry "PUR"]
[BlackTeamCountry "BOL"]

1. e4 e6 2. d4 d5 3. Nd2 a6 4. e5 c5 5. c3 Nc6 6. Ngf3 Nge7 7. Bd3 cxd4 8. cxd4 Nf5 9. Bxf5 exf5 10. Nb3 Be7 11. 0-0 0-0 12. Ne1 a5 13. f4 a4 14. Nc5 Qa5 15. Be3 Bxc5 16. dxc5 d4 17. Bf2 Qxc5 18. Nf3 Rd8 19. Rc1 Qb6 20. Rc4 Be6 21. Rxa4 Rxa4 22. Qxa4 Qxb2 23. Rd1 Bxa2 24. Rd2 Qb1+ 25. Be1 Bd5 26. Kf2 Qe4 27. Re2 Qxf4 28. Bd2 Qg4 29. h3 Qg6 30. Ba5 Re8 31. Qb5 Bxf3 32. gxf3 f4 33. Ke1 Qg3+ 34. Kd2 Qxf3 35. Qxb7 Qd5 36. Bb6 g5 37. Qa6 Rxe5 38. Rxe5 Nxe5 39. Qc8+ Kg7 40. Bd8 h6 41. Qa6 Qe6 42. Qb5 Nf3+ 43. Kc2 Qe4+ 44. Kb2 d3 45. Ba5 d2 46. Bc3+ f6 47. Qd7+ Kg6 48. Bxd2 Nxd2 49. Qxd2 Qe5+ 50. Kb3 Qe6+ 51. Kb4 Qxh3 52. Qc2+ Qf5 53. Qc6 g4 54. Qe8+ Kg5 55. Qg8+ Kh4 56. Qf8 h5 57. Qe7 Qe5 58. Qb7 g3 59. Qh1+ Kg4 60. Qd1+ f3 61. Qd7+ Kh4 62. Qd1 g2 63. Ka4 Qf4+ 64. Ka5 f2 65. Qd7 f1Q 66. Qd4 Q1f2 67. Qd8 Qf5+ 68. Ka6 Qa2+ 69. Kb7 Qb3+ 70. Kc6 Qa4+ 71. Kb7 Qab5+ 72. Ka8 Qfd5+ 73. Ka7 Qa5+ 74. Qxa5 Qxa5+ 0-1

[Event "PUR-ch (Women)"]
[Site "Guaynabo"]
[Date "2020.03.06"]
[Round "1"]
[White "Vazquez Maccarini, Danitza"]
[Black "Diaz Acevedo, Isis N"]
[Result "1-0"]
[WhiteElo "2077"]
[BlackElo "1582"]
[PlyCount "87"]
[EventDate "2020.03.06"]
[EventType "swiss"]
[EventRounds "5"]
[EventCountry "PUR"]
[SourceTitle "CBM 195 Extra"]
[Source "ChessBase"]
[SourceDate "2020.05.31"]
[SourceVersion "1"]
[SourceVersionDate "2020.05.31"]
[SourceQuality "1"]

1. e4 e6 2. d4 d5 3. Nd2 Nf6 4. e5 Nfd7 5. Bd3 c5 6. c3 Nc6 7. Ne2 Qb6 8. Nf3 cxd4 9. cxd4 Be7 10. 0-0 0-0 11. Nf4 Qd8 12. a3 a5 13. Qc2 g6 14. Nxe6 Qb6 15. Nxf8 Nxf8 16. Be3 Bg4 17. Be2 Ne6 18. Qd2 a4 19. Rad1 Na5 20. h3 Bf5 21. Bd3 Nb3 22. Qe2 Ng7 23. Bxf5 Nxf5 24. Qd3 Rc8 25. Nd2 Na5 26. Rc1 Rc6 27. Rxc6 Qxc6 28. b4 axb3 29. Nxb3 Nc4 30. a4 Qxa4 31. Ra1 Qb4 32. Bf4 Kg7 33. Rc1 b5 34. Qc3 Qa3 35. g4 b4 36. Qd3 Nh6 37. Rc2 Na5 38. Qe3 Ng8 39. Nxa5 Qxa5 40. e6 Bf6 41. exf7 Qa1+ 42. Rc1 Qb2 43. fxg8Q+ Kxg8 44. Qe8+ 1-0